[Event "AUTO-ADV-3083"]
[Site "http://www.queenalice.com/game.php?id=1258565"]
[Date "2014.2.21"]
[Round "1"]
[White "gomestrovao"]
[Black "Rickritchee"]
[Result "0-1"]
[WhiteElo "1891"]
[BlackElo "2032"]

1. e4 c5 2. Bc4 d6 3. h3 Nf6 4. d3 h6 5. Nf3 e5 6. Be3 Be7 7. O-O Nc6 8. Bb5 a6
9. Bxc6+ bxc6 10. Nc3 Be6 11. a3 Qc7 12. b4 cxb4 13. axb4 O-O 14. Ra4 d5 15. Qa1
d4 16. Bxd4 exd4 17. Nxd4 Bd7 18. Rxa6 Rxa6 19. Qxa6 Bxb4 20. Na4 Rb8 21. c3 Bd6
22. Nf5 Bxf5 23. exf5 Rb5 24. g4 Nd7 25. Re1 Kf8 26. d4 Nb8 27. Qa8 Ra5 28. Qxa5
Qxa5 29. Ra1 Qd5 30. Nb6 Qf3 31. Ra8 Qxh3 32. Nd7+ Ke8 33. Nxb8 Qh2+ 34. Kf1
Bxb8 35. Ra6 Qh1+ 36. Ke2 Qe4+ 37. Kd1 Qd3+ 0-1

[Event "AUTO-ADV-3083"]
[Site "http://www.queenalice.com/game.php?id=1258566"]
[Date "2014.2.21"]
[Round "1"]
[White "Rickritchee"]
[Black "gomestrovao"]
[Result "1-0"]
[WhiteElo "2016"]
[BlackElo "1902"]

1. c4 e5 2. Nc3 Bc5 3. Nf3 d6 4. a3 Nf6 5. b4 Bd4 6. Nxd4 exd4 7. Nd5 Nxd5 8.
cxd5 Bd7 9. Bb2 Qh4 10. Qc2 c5 11. bxc5 Qf6 12. cxd6 Qxd6 13. Qe4+ Kd8 14. Qxd4
Na6 15. Qxg7 Ke7 16. Qg5+ f6 17. Qg7+ Kd8 18. Bxf6+ Kc7 19. Be5 Rhg8 20. Bxd6+
Kxd6 21. Qf6+ Kxd5 22. e4+ Kxe4 23. Qe7+ Kf4 24. Qxd7 Rgd8 25. Qxd8 Rxd8 26.
Bxa6 bxa6 27. Ra2 Rb8 28. O-O h5 29. Re1 h4 30. h3 Rb3 31. Rc2 Rxa3 32. Rc5 Rd3
33. Rce5 Rd4 34. R1e3 Ra4 35. g3+ 1-0

[Event "AUTO-ADV-3083"]
[Site "http://www.queenalice.com/game.php?id=1258577"]
[Date "2014.2.21"]
[Round "1"]
[White "Rickritchee"]
[Black "maurice91"]
[Result "1-0"]
[WhiteElo "1989"]
[BlackElo "1772"]

1. c4 e6 2. a3 Nf6 3. b4 c5 4. b5 d5 5. d3 b6 6. Bg5 Be7 7. Bxf6 Bxf6 8. Ra2 Bb7
9. Rd2 a6 10. bxa6 Rxa6 11. e3 Nd7 12. cxd5 exd5 13. Be2 b5 14. Nh3 O-O 15. d4
c4 16. O-O g6 17. Nf4 Be7 18. Rb2 Bc6 19. e4 dxe4 20. d5 Ba8 21. Rxb5 g5 22. Nh5
Bc5 23. Rxc5 Nxc5 24. Qd4 Ne6 25. Qa1 f6 26. dxe6 Bd5 27. Rd1 Rd6 28. Qd4 e3 29.
Qa7 exf2+ 30. Kf1 Bxg2+ 31. Kxg2 Rxd1 32. Qg7# 1-0

[Event "AUTO-ADV-3083"]
[Site "http://www.queenalice.com/game.php?id=1258578"]
[Date "2014.2.21"]
[Round "1"]
[White "maurice91"]
[Black "Rickritchee"]
[Result "0-1"]
[WhiteElo "1776"]
[BlackElo "1902"]

1. d4 Nf6 2. Nf3 h6 3. h3 e6 4. c4 Bb4+ 5. Bd2 Bxd2+ 6. Nbxd2 d5 7. e3 O-O 8.
Nb3 b6 9. c5 Ba6 10. Bxa6 Nxa6 11. a3 bxc5 12. Nxc5 Nxc5 13. dxc5 Ne4 14. Rc1
Rb8 15. b4 a5 16. Qa4 axb4 17. axb4 Qe8 18. c6 Qe7 19. b5 Ra8 20. Qb3 Rfb8 21.
O-O Ra5 22. Nd4 e5 23. f3 Ng3 24. Rfd1 exd4 25. Rxd4 Ne2+ 26. Kf2 Ra3 27. Qb1
Qxe3+ 28. Kf1 Ng3# 0-1

[Event "AUTO-OPEN-3171"]
[Site "http://www.queenalice.com/game.php?id=1291173"]
[Date "2014.6.28"]
[Round "2"]
[White "CCapivara"]
[Black "Rickritchee"]
[Result "0-1"]
[WhiteElo "2184"]
[BlackElo "1999"]

1. e4 c5 2. Nf3 d6 3. d4 cxd4 4. Nxd4 Nf6 5. Nc3 a6 6. Bg5 e6 7. f4 Be7 8. Qf3
Qc7 9. O-O-O Nbd7 10. g4 b5 11. Bxf6 Nxf6 12. g5 Nd7 13. h4 Nc5 14. a3 Bb7 15.
f5 exf5 16. Qxf5 O-O 17. h5 Rae8 18. Nd5 Bxd5 19. Qxd5 Nxe4 20. g6 Bg5+ 21. Kb1
Re5 22. Qa2 Nf2 23. Bd3 Nxd1 24. gxh7+ Kh8 25. Rxd1 Be3 26. Nf5 Bf2 27. Qb3 Qc5
28. h6 g6 29. Ng7 Kxh7 30. Rf1 Kxh6 31. Nf5+ gxf5 32. c4 Be3 33. Qc2 Kg6 34.
Qg2+ Kf6 35. cxb5 axb5 36. Qh3 Qd5 37. Bc2 Rc8 38. Rf3 Rxc2 39. Kxc2 Qe4+ 40.
Kc3 Qc4# 0-1

[Event "AUTO-OPEN-3171"]
[Site "http://www.queenalice.com/game.php?id=1291174"]
[Date "2014.6.28"]
[Round "2"]
[White "Rickritchee"]
[Black "CCapivara"]
[Result "0-1"]
[WhiteElo "2010"]
[BlackElo "2213"]

1. e4 d6 2. d4 Nf6 3. Nc3 c6 4. f4 Qa5 5. Bd3 e5 6. Nf3 Bg4 7. dxe5 dxe5 8. fxe5
Nfd7 9. e6 Bxe6 10. Ng5 Nc5 11. O-O Be7 12. Nxe6 Nxe6 13. Kh1 O-O 14. Bc4 Qe5
15. Be3 Bd6 16. Bg1 g6 0-1

[Event "AUTO-OPEN-3171"]
[Site "http://www.queenalice.com/game.php?id=1291181"]
[Date "2014.6.28"]
[Round "2"]
[White "rsgaspar"]
[Black "Rickritchee"]
[Result "1-0"]
[WhiteElo "2312"]
[BlackElo "1952"]

1. e4 c5 2. Nf3 d6 3. d4 cxd4 4. Nxd4 Nf6 5. Nc3 a6 6. Bg5 e6 7. Be2 Be7 8. O-O
O-O 9. Qd3 Qc7 10. Qg3 b5 11. Bf4 Bb7 12. Bf3 Nfd7 13. Nd5 exd5 14. Nf5 Bf6 15.
Bxd6 Qc8 16. exd5 Re8 17. Rae1 g6 18. Bc7 Rxe1 19. Rxe1 a5 20. Bf4 Qxc2 21. Nh6+
Kg7 22. Ng4 h5 23. Nxf6 Nxf6 24. Bxb8 Qxb2 25. Be5 Re8 26. d6 Bxf3 27. gxf3 h4
28. Qg5 Rxe5 29. Qxe5 1-0

[Event "AUTO-OPEN-3171"]
[Site "http://www.queenalice.com/game.php?id=1291182"]
[Date "2014.6.28"]
[Round "2"]
[White "Rickritchee"]
[Black "rsgaspar"]
[Result "0-1"]
[WhiteElo "1954"]
[BlackElo "2311"]

1. e4 c5 2. Nf3 Nc6 3. d4 cxd4 4. Nxd4 e5 5. Nb5 d6 6. c4 Nf6 7. f3 a6 8. N5c3
Qb6 9. g4 Be6 10. Na3 Be7 11. g5 Nd7 12. Nd5 Bxd5 13. cxd5 Nd4 14. Nc2 h6 15.
Nxd4 Nf6 16. gxf6 Bxf6 17. Qa4+ Kf8 18. Nf5 g6 19. Nxh6 Bh4+ 20. Kd1 Rc8 21. Ng4
Rc5 22. Qa3 Ra5 23. Qd3 Kg7 24. Ne3 Rc5 25. Nc4 Qd8 26. Be3 Rc8 27. Nb6 Rc7 28.
Qa3 Be7 29. h3 f5 0-1

[Event "AUTO-OPEN-3171"]
[Site "http://www.queenalice.com/game.php?id=1291185"]
[Date "2014.6.28"]
[Round "2"]
[White "mauricio_sm"]
[Black "Rickritchee"]
[Result "1-0"]
[WhiteElo "1896"]
[BlackElo "2022"]

1. e4 c5 2. Nf3 d6 3. d4 cxd4 4. Nxd4 Nf6 5. Nc3 a6 6. Be2 e6 7. Be3 Qc7 8. O-O
b5 9. a3 Nbd7 10. f3 Bb7 11. Bf2 Be7 12. Bg3 Nh5 13. Bf2 Nf4 14. Rc1 O-O 15. Qd2
Nxe2+ 16. Qxe2 Rac8 17. Rfd1 Ne5 18. Nb1 Bg5 19. Be3 Bxe3+ 20. Qxe3 Nc4 21. Qb3
Qc5 22. Kf1 d5 23. exd5 e5 24. Nf5 g6 25. Nh6+ Kg7 26. Ng4 f5 27. Nf2 Ne3+ 28.
Ke2 Nxd1 29. Nxd1 Qg1 30. Qe3 Qxg2+ 31. Qf2 Qh1 32. Nbc3 1-0

[Event "AUTO-OPEN-3171"]
[Site "http://www.queenalice.com/game.php?id=1291186"]
[Date "2014.6.28"]
[Round "2"]
[White "Rickritchee"]
[Black "mauricio_sm"]
[Result "1-0"]
[WhiteElo "2046"]
[BlackElo "1939"]

1. e4 c5 2. Nf3 d6 3. d4 cxd4 4. Nxd4 Nf6 5. Nc3 a6 6. Bg5 e6 7. f4 Be7 8. Qf3
Nc6 9. Nxc6 bxc6 10. O-O-O Qc7 11. Qg3 Bb7 12. e5 dxe5 13. fxe5 Nh5 14. Qh4 g6
15. Be2 Bxg5+ 16. Qxg5 Ng7 17. Ne4 Nf5 18. g4 Qxe5 19. Nf6+ 1-0

[Event "Challenge"]
[Site "http://www.queenalice.com/game.php?id=1295351"]
[Date "2014.7.16"]
[Round "-"]
[White "fbenevides"]
[Black "Rickritchee"]
[Result "0-1"]
[WhiteElo "1870"]
[BlackElo "1977"]

1. Nf3 Nf6 2. Nc3 g6 3. e4 d6 4. h3 Bg7 5. Bc4 O-O 6. O-O c5 7. d4 cxd4 8. Qxd4
Nc6 9. Qd2 a6 10. b3 e6 11. Qd1 b5 12. Bd3 Ne8 13. e5 b4 14. Ne2 d5 15. Bf4 f6
16. exf6 Qxf6 17. Bd2 Qxa1 18. Qxa1 Bxa1 19. Rxa1 Kg7 20. Re1 e5 21. Nxe5 Nxe5
22. Bxb4 Nxd3 23. Rd1 Nxb4 0-1

[Event "AUTO-INT-2810"]
[Site "http://www.queenalice.com/game.php?id=1296960"]
[Date "2014.7.24"]
[Round "2"]
[White "ksal"]
[Black "Rickritchee"]
[Result "0-1"]
[WhiteElo "1655"]
[BlackElo "2042"]

1. e4 e5 2. Nf3 Nc6 3. Bc4 Bc5 4. d3 Nf6 5. Ng5 O-O 6. Nxf7 Rxf7 7. Bxf7+ Kxf7
8. Bg5 d6 9. Qf3 Nd4 10. Qd1 c6 11. Bxf6 Qxf6 0-1

[Event "AUTO-INT-2810"]
[Site "http://www.queenalice.com/game.php?id=1296961"]
[Date "2014.7.24"]
[Round "2"]
[White "Rickritchee"]
[Black "ksal"]
[Result "1-0"]
[WhiteElo "2044"]
[BlackElo "1653"]

1. e4 e5 2. Nf3 Nc6 3. d4 exd4 4. Nxd4 Nxd4 5. Qxd4 c5 6. Qe5+ Qe7 7. Qxe7+ Bxe7
8. Nc3 Nf6 9. Bf4 O-O 10. O-O-O d6 11. Bxd6 Bxd6 12. Rxd6 1-0

[Event "AUTO-INT-2810"]
[Site "http://www.queenalice.com/game.php?id=1296962"]
[Date "2014.7.24"]
[Round "2"]
[White "Mighty_Manu"]
[Black "Rickritchee"]
[Result "0-1"]
[WhiteElo "1640"]
[BlackElo "2060"]

1. c4 Nf6 2. Nf3 g6 3. d4 Bg7 4. Nc3 d6 5. h3 O-O 6. g4 c5 7. g5 Nh5 8. Be3 Qa5
9. Qd2 Nc6 10. d5 Ne5 11. Nxe5 Bxe5 12. Bg2 Qb4 13. O-O-O Qxc4 14. Kb1 Bf5+ 15.
Ka1 b5 16. Rc1 b4 17. Nb1 Qa6 18. a3 bxa3 19. Nxa3 Rab8 20. Rc4 Qxa3# 0-1

[Event "AUTO-INT-2810"]
[Site "http://www.queenalice.com/game.php?id=1296963"]
[Date "2014.7.24"]
[Round "2"]
[White "Rickritchee"]
[Black "Mighty_Manu"]
[Result "1-0"]
[WhiteElo "2058"]
[BlackElo "1608"]

1. e4 c5 2. Nf3 e6 3. d4 Nf6 4. Bg5 Be7 5. e5 Nd5 6. Bxe7 Qxe7 7. c4 Nb4 8. dxc5
Qxc5 9. a3 Qa5 10. Nc3 N4c6 11. b4 Qc7 12. Nb5 Qd8 13. Nd6+ Ke7 14. c5 Qc7 15.
Qd2 b6 16. Qf4 Rf8 17. Qg5+ f6 18. Qxg7+ Rf7 19. Qxf7+ Kd8 20. Qe8# 1-0

[Event "AUTO-ADV-3083"]
[Site "http://www.queenalice.com/game.php?id=1303134"]
[Date "2014.8.21"]
[Round "2"]
[White "Rickritchee"]
[Black "thw"]
[Result "0-1"]
[WhiteElo "2071"]
[BlackElo "1851"]

1. e4 c5 2. Nf3 d6 3. d4 cxd4 4. Nxd4 Nf6 5. Nc3 a6 6. Bg5 e6 7. f4 Be7 8. Qf3
Qc7 9. O-O-O Nbd7 10. g4 b5 11. Bxf6 Nxf6 12. g5 Nd7 13. f5 exf5 14. Nxf5 Bf8
15. Bxb5 axb5 16. Nxb5 Qc4 17. Nbxd6+ Bxd6 0-1

[Event "AUTO-ADV-3083"]
[Site "http://www.queenalice.com/game.php?id=1303135"]
[Date "2014.8.21"]
[Round "2"]
[White "thw"]
[Black "Rickritchee"]
[Result "1-0"]
[WhiteElo "1876"]
[BlackElo "2046"]

1. e4 e5 2. Nf3 Nc6 3. Bb5 a6 4. Ba4 b5 5. Bb3 Na5 6. c3 Nxb3 7. Qxb3 d5 8. Qxd5
Qxd5 9. exd5 e4 10. Nd4 Nf6 11. O-O Nxd5 12. Re1 c5 13. Rxe4+ Kd8 14. Nf3 Bd6
15. d4 Bf5 16. Re1 Re8 17. Kf1 Rxe1+ 18. Kxe1 Kd7 19. dxc5 1-0

[Event "AUTO-ADV-3083"]
[Site "http://www.queenalice.com/game.php?id=1303137"]
[Date "2014.8.21"]
[Round "2"]
[White "Equeiroz"]
[Black "Rickritchee"]
[Result "1-0"]
[WhiteElo "1759"]
[BlackElo "2001"]

1. e4 e5 2. Nf3 d6 3. Bc4 Bg4 4. O-O Nf6 5. Re1 Nc6 6. c3 Be7 7. d3 O-O 8. Nbd2
Na5 9. Bb3 Nxb3 10. Qxb3 Nd7 11. d4 b6 12. Qa4 c5 13. d5 f5 14. h3 Bh5 15. c4
fxe4 16. Rxe4 a6 17. Qd1 1-0

[Event "AUTO-ADV-3083"]
[Site "http://www.queenalice.com/game.php?id=1303138"]
[Date "2014.8.21"]
[Round "2"]
[White "Rickritchee"]
[Black "yeye2"]
[Result "0-1"]
[WhiteElo "1975"]
[BlackElo "1849"]

1. e4 e5 2. Nf3 d6 3. Be2 Qf6 4. Nc3 Bg4 5. d4 exd4 6. Nxd4 Bxe2 7. Ndxe2 Nd7 8.
Nd5 Qd8 9. Ng3 c6 10. Nc3 g6 11. Bf4 Bg7 12. Bxd6 Bxc3+ 13. bxc3 Qf6 14. Qd3
O-O-O 15. Rd1 Nh6 16. Qe3 Ng4 17. Qxa7 Qxf2+ 18. Qxf2 Nxf2 19. Kxf2 b6 20. Rd4
c5 21. Rd3 Rhe8 22. Rhd1 h5 23. h4 Kb7 24. Bxc5 bxc5 25. Rxd7+ Kc8 26. Rxd8+
Rxd8 27. Rxd8+ Kxd8 28. Ke3 Kd7 0-1

[Event "AUTO-ADV-3083"]
[Site "http://www.queenalice.com/game.php?id=1303139"]
[Date "2014.8.21"]
[Round "2"]
[White "yeye2"]
[Black "Rickritchee"]
[Result "0-1"]
[WhiteElo "1856"]
[BlackElo "1988"]

1. e4 e5 2. Nf3 Nc6 3. Bc4 Bc5 4. O-O Nf6 5. c3 Nxe4 6. d3 Nf6 7. Bg5 O-O 8. Bb5
h6 9. Bxf6 Qxf6 10. Re1 d5 11. Bxc6 bxc6 12. Rxe5 Bg4 13. Qe2 Bxf3 14. gxf3 Bd6
15. Re3 Qf4 16. Nd2 Qxh2+ 0-1